Topologische Karte von den Deutschen Bundesländern - Statistiken

Allgemein
  • Dieses Quiz wurde 1.195 mal gespielt
  • Das Durchschnittsergebnis liegt bei 14 aus 16
Antworten auf der Karte
Die Antworten werden auf der Karte rot bzw. grün angezeigt, abhängig davon wie oft sie richtig erraten wurden.
 
Antwortstatistiken
Antwort % Korrekt
Bayern
97%
Berlin
95%
Brandenburg
92%
Saarland
92%
Hamburg
90%
Mecklenburg-Vorpommern
89%
Nordrhein-Westfalen
89%
Bremen
88%
Rheinland-Pfalz
88%
Baden-Württemberg
87%
Hessen
87%
Niedersachsen
87%
Schleswig-Holstein
87%
Sachsen
84%
Thüringen
82%
Sachsen-Anhalt
74%
Keine übereinstimmenden Quizze gefunden
Verteilung der Resultate
Anzahl Personen mit jedem Resultat
Perzentil nach korrekt beantworteten Fragen
Ihre Resultats-Entwicklung
Sie haben dieses Quiz noch nicht gespielt